Statistics for MLB The Show 20: All 99 Overalls

Click here to take the quiz!

General Stats

  • This quiz has been taken 478 times
    (454 since last reset)
  • The average score is 38 of 160

Answer Stats

SeriesTeamPositionPlayer% Correct
AwardsAngelsCF/LF/RFMike Trout
98%
AwardsYankeesRF/1B/LF/ CFBabe Ruth
62%
AwardsRed Sox1BDavid Ortiz
60%
AwardsNationalsSPMax Scherzer
59%
AwardsTigersSPJustin Verlander
52%
AwardsMarinersCF/LF/RFKen Griffey Jr.
51%
AwardsBlue Jays3BJosh Donaldson
50%
AwardsNationalsRF/LF/CFBryce Harper
48%
FinestYankeesSPGerrit Cole
48%
2020 PostseasonYankeesLF/CF/RFGiancarlo Stanton
48%
FinestMetsSPJacob deGrom
48%
FinestNationalsLF/CF/RFJuan Soto
47%
FinestBravesCF/LF/RFRonald Acuna Jr.
46%
SignatureBraves3B/LFChipper Jones
41%
AwardsBrewersLF/CF/RFChristian Yelich
41%
AwardsBravesCF/LF/RFAndruw Jones
40%
FinestBraves1B/3BFreddie Freeman
40%
AwardsCubsSPJake Arrieta
38%
FinestDodgersRF/2B/LF/CFMookie Betts
38%
FinestRockies3B/1BNolan Arenado
38%
AwardsReds1BJoey Votto
37%
AwardsRedsC/1B/3B/RF/LF/CFJohnny Bench
37%
FinestIndians3B/2B/SS/LFJose Ramirez
37%
POTMIndians3B/1B/2B/SS/LFJose Ramirez
37%
SignatureTigers3B/1B/LF/RFMiguel Cabrera
37%
FinestRaysCPNick Anderson
37%
FinestIndiansSPShane Bieber
37%
FinestWhite SoxSS/2B/3BTim Anderson
37%
AwardsAngelsRF/LF/CFVladmir Guerrero
37%
AwardsGiantsCF/LF/RFWillie Mays
37%
AwardsGiantsC/1BBuster Posey
36%
POTMPadresSS/2B/3BFernando Tatis Jr.
36%
FinestPadres3B/1B/SSManny Machado
36%
AwardsCardinals1B/3BAlbert Pujols
35%
FinestBrewersRPDevin Williams
35%
FinestCubsSPYu Darvish
35%
PrimeYankeesCF/LF/RFMickey Mantle
34%
SignatureRed SoxLF/RFTed Williams
34%
FinestDodgersRF/1B/LF/CFCody Bellinger
33%
FinestRoyalsC/1BSalvador Perez
33%
FinestIndiansSS/2B/3BFrancisco Lindor
32%
FinestBrewersCPJosh Hader
31%
AwardsOriolesSS/3BCal Ripken Jr.
30%
SignatureYankeesCPMariano Rivera
30%
AwardsMetsCMike Piazza
30%
SignatureBravesSPGreg Maddux
29%
AwardsCardinalsRF/1B/LF/CFStan Musial
29%
AwardsIndiansSPCorey Kluber
28%
FinestPhilliesC/1BJT Realmuto
28%
FinestYankees2B/1B/3B/SSDJ Lemahieu
27%
AwardsCubsSS/3BErnie Banks
27%
AwardsA's1B/C/3BJimmie Foxx
27%
AwardsMetsSPTom Seaver
27%
FinestRedsSPTrevor Bauer
27%
FinestAstros3B/1B/SS/LFAlex Bregman
26%
2020 PosteasonDodgersSS/2B/3BCorey Seager
26%
SignatureAstros2B/C/LF/CFCraig Biggio
26%
PrimeWhite Sox1BFrank Thomas
26%
PrimePiratesSS/1B/2B/3B/LFHonus Wagner
26%
SignatureYankees1BLou Gehrig
26%
FinestRockiesSS/2B/3BTrevor Story
26%
SignatureAstrosCPBilly Wagner
25%
AwardsReds2BJoe Morgan
25%
FinestD-BacksCF/2B/SS/LF/RFKetel Marte
25%
AwardsBlue Jays2BRoberto Alomar
25%
Topps NowNationalsSS/2B/3B/CFTrea Turner
25%
FinestRed SoxSS/2B/3BXander Bogaerts
25%
PostseasonAstrosCF/LF/RFGeorge Springer
24%
AwardsRedsSSBarry Larkin
23%
2020 PostseasonAstrosSS/2B/3BCarlos Correa
23%
FinestAstrosLF/CF/RFKyle Tucker
23%
AwardsCardinals2B/1B/3BRogers Hornsby
23%
PrimeTigersCF/LF/RFTy Cobb
23%
FinestMarinersCF/LF/RFKyle Lewis
22%
SignatureRockiesRF/LF/CFLarry Walker
22%
PrimeYankeesRF/LF/CFReggie Jackson
22%
Future StarsTwinsSS/2B/3B/LF/CF/RFRoyce Lewis
22%
FOFRockiesRF/LF/CFDante Bichette
21%
FinestAngelsSS/2B/3B/LF/RFDavid Fletcher
21%
AwardsCubsSPFergie Jenkins
21%
FOFBravesSPJohn Smoltz
21%
FinestA'sCPLiam Hendriks
21%
FinestBlue JaysLF/2B/3B/SS/RFLourdes Gurriel Jr.
21%
FinestTwinsRF/LFNelson Cruz
21%
SignatureAngelsSPNolan Ryan
21%
PostseasonNationalsSPStephen Strasburg
21%
FinestOriolesRF/LF/CFAnthony Santander
20%
AwardsMetsC/1B/LF/RFGary Carter
20%
FinestPiratesCJacob Stallings
20%
FinestPadresCPKirby Yates
20%
FinestRangersSPLancy Lynn
20%
AwardsCardinalsSPBob Gibson
19%
2020 PostseasonDodgersSPWalker Buehler
19%
FinestD-BacksSPZac Gallen
19%
AwardsMarlinsRF/3B/LFGary Sheffield
18%
SignatureDodgers2B/1B/3B/LFJackie Robinson
18%
2020 PostseasonRaysLF/CF/RFRandy Arozarena
18%
SignatureTwinsSPWalter Johnson
18%
SignatureGiants1B/LFWillie McCovey
18%
FOFRoyals3B/1BGeorge Brett
17%
FOFIndians1B/3BJim Thome
17%
SignatureDodgersCPKenley Jansen
17%
Topps NowWhite SoxSPLucas Giolito
17%
FOFPhillies3B/1BMike Schmidt
17%
FOFAstros1BJeff Bagwell
16%
SignaturePhilliesSSJimmy Rollins
16%
FinestMarlinsSS/1B/2B/3BMiguel Rojas
16%
SignatureRockies1BTodd Helton
16%
FinestPadresSPDinelson Lamet
15%
FOF*Yankees*1B/LF/RF*Don Mattingly
15%
Signature*Braves*C/1B/3B*Joe Torre
15%
FinestGiantsRF/LF/CFMike Yastrzemski
15%
FOFBrewersSS/LF/RFRobin Yount
15%
Future StarsDodgers2B/SSGavin Lux
14%
FOFTwins3B/1B/LFHarmon Killebrew
14%
FOF*Orioles*SP*Jim Palmer
14%
Topps NowCubsSPAlec Mills
13%
FOFTigersRF/1B/LF/CFAl Kaline
13%
FOFNationalsCF/LF/RFAndre Dawson
13%
SignatureIndiansSPBob Feller
13%
FOF*A's*SP*Catfish Hunter
13%
SignatureBraves3B/1BEddie Mathews
13%
FinestCardinalsRPGiovani Gallegos
13%
Future StarsBlue JaysSPNate Pearson
13%
FOF*White Sox*1B*Paul Konerko
13%
SignatureCubs2B/3BRyne Sandberg
13%
PrimeIndiansRPAndrew Miller
12%
FOFRedsCF/LF/RFEric Davis
12%
Future StarsWhite SoxCF/LF/RFLuis Robert
12%
FOF*Blue Jays*CP*Tom Henke
12%
FOFPadresRF/LF/CFTony Gwynn
12%
FOF*Rays*1B*Fred McGriff
11%
SignatureA'sSPLefty Grove
11%
AwardsAstrosSPMike Scott
11%
2020 PostseasonBravesC/1BTravis d'Arnaud
11%
Future StarsTigersSPCasey Mize
10%
SignatureWhite SoxSPChris Sale
10%
POTMMarinersSPJames Paxton
10%
Future StarsAngelsCF/LF/RFJo Adell
10%
FOF*Cardinals*LF/CF/RF*Lou Brock
10%
AwardsYankeesSPRon Guidry
10%
SignatureIndiansSPCy Young
9%
POTMCubsRF/1B/3B/LFNicholas Castellanos
9%
SignatureYankeesCPRich Gossage
9%
FOF*Mets*SP*Al Leiter
8%
POTMIndiansSPCarlos Carrasco
8%
SignatureGiantsSPChristy Mathewson
8%
SignatureDodgersCF/LF/RFDuke Snider
8%
POTMBrewers1B/LF/RFEric Thames
8%
FOFDodgersSPOrel Hershiser
8%
PostseasonRed Sox1B/2B/LF/RFSteve Pearce
8%
SignatureGiants1BWill Clark
8%
FOFGiantsSPJuan Marichal
7%
SignaturePiratesLF/CF/RFRalph Kiner
7%
FOF*Red Sox*RF/1B/LF/CF*Dwight Evans
6%
FOFPiratesC/LF/RFJason Kendall
6%
Future StarsPadresSPMacKenzie Gore
6%
PrimeWhite SoxLF/3B/CF/RFMinnie Minoso
6%
SignatureGiants1B/LFOrlando Cepeda
4%
FinestTigers1B/3BJeimer Candalario
3%

Score Distribution

Percentile by Number Answered

Percent of People with Each Score

Your Score History

You have not taken this quiz since the last reset